| 000 | 01138naa a22003017i 4500 | ||
|---|---|---|---|
| 001 | 232506 | ||
| 003 | ES-MaBCM | ||
| 005 | 20260325062559.0 | ||
| 008 | 260226s2025 sp ||||| |||| 00| 0 spa d | ||
| 040 | _cES-MaBCM | ||
| 245 | 0 | 0 |
_aPactos 3 : _bpactos internacionales : grandes acuerdos internacionales (relevantes para España) |
| 500 | _aNúmero monográfico | ||
| 610 | 2 | 7 |
_aUnión Europea _952895 |
| 610 | 2 | 0 |
_aONU _9116848 |
| 650 | 7 |
_aNuevo orden económico _959561 |
|
| 650 | 7 |
_aRelación diplomática _960069 |
|
| 650 | 7 |
_aRelación internacional _960079 |
|
| 650 | 7 |
_aRelaciones de la Unión Europea _960072 |
|
| 650 | 0 |
_aGobernanza _9119021 |
|
| 650 | 7 |
_aRegión fronteriza _960056 |
|
| 650 | 7 |
_aNacionalismo _959527 |
|
| 650 | 7 |
_aConservadurismo _958075 |
|
| 650 | 7 |
_aMovimiento europeo _959489 |
|
| 650 | 7 |
_aOrganización internacional _959618 |
|
| 773 | 0 |
_dMadrid _gN. 195 (nov. 2025), p. 4-10; [95]-145 - Loc. S.425 _tNueva revista de política, cultura y arte _w105297 |
|
| 856 |
_uhttps://mpr.koha.es/cgi-bin/koha/opac-retrieve-file.pl?id=cb0f66dc6fd7706e4adf5483f478dd8e _yAcceso al sumario |
||
| 942 |
_2udc _cAREV |
||
| 999 |
_c232506 _d232506 |
||